[Event "ch-CHN w 2017"]
[Site "Xinghua CHN"]
[Date "2017.04.23"]
[Round "1.1"]
[White "Zhu, Ying"]
[Black "Zhu, Jiner"]
[Result "1/2-1/2"]
[WhiteElo "2107"]
[BlackElo "2154"]
[WhiteFideId "8604770"]
[BlackFideId "8608059"]
[EventDate "2017.04.23"]

1. e4 c5 2. Nf3 d6 3. d4 Nf6 4. Nc3 cxd4 5. Nxd4 a6 6. Be3 e6 7. f3 Be7 8. Qd2
O-O 9. O-O-O b5 10. g4 Nfd7 11. h4 b4 12. Nce2 a5 13. Nb5 Ne5 14. Ned4 Bb7 15.
g5 Nbd7 16. h5 Nb6 17. b3 a4 18. Kb1 axb3 19. cxb3 Nxf3 20. Nxf3 Bxe4+ 21. Bd3
Bxf3 22. Qf2 Bxd1 23. Bxb6 Rxa2 24. Bxd8 Rxf2 25. Bxe7 Bxb3 26. Bxf8 Kxf8 27.
Nxd6 Rd2 28. Rh3 Bd5 29. Bxh7 Rg2 30. Be4 Rxg5 31. Bxd5 Rxd5 32. Ne4 Re5 33. Rh4
Ke7 34. Kc2 f5 35. Nd2 Rb5 36. Kb3 Kf6 37. Nf3 e5 38. h6 gxh6 39. Rxh6+ Kg7 40.
Re6 Kf7 41. Rxe5 Rxe5 42. Nxe5+ Ke6 1/2-1/2

[Event "ch-CHN w 2017"]
[Site "Xinghua CHN"]
[Date "2017.04.23"]
[Round "1.4"]
[White "Tan, Zhongyi"]
[Black "Lei, Tingjie"]
[Result "1/2-1/2"]
[WhiteTitle "WGM"]
[BlackTitle "GM"]
[WhiteElo "2508"]
[BlackElo "2471"]
[WhiteFideId "8603642"]
[BlackFideId "8605114"]
[EventDate "2017.04.23"]

1. d4 d5 2. c4 c6 3. Nf3 Nf6 4. Nc3 e6 5. Bg5 Nbd7 6. e3 Qa5 7. Nd2 dxc4 8. Bxf6
Nxf6 9. Nxc4 Qc7 10. Be2 Be7 11. O-O O-O 12. Rc1 Rd8 13. Qb3 b6 14. Ne5 Bb7 15.
Bf3 c5 16. Nb5 Qc8 17. dxc5 Bxc5 18. Rxc5 Qxc5 19. Bxb7 Qxe5 20. Bxa8 Rxa8 21.
h3 Qc5 22. Rd1 h6 23. Nc3 Rc8 24. Qa4 a5 25. Rd4 Kf8 26. Qb3 Kg8 27. Qd1 Kh7 28.
Qd3+ Kg8 29. Qa6 Qc7 30. Qd3 Qc5 31. a4 Kf8 32. Qa6 Kg8 33. Qb7 Qc7 34. Qxc7
Rxc7 35. Rd8+ Kh7 36. Rd6 Nd7 37. f4 Kg8 38. Kh2 Kf8 39. Nb5 Ke7 40. Rd2 Rc1 41.
Nd4 g6 42. e4 e5 43. fxe5 Nxe5 44. Ne2 Ra1 45. Nc3 Ke6 46. Rd8 Nc4 47. Rb8 Ke5
48. b3 Nd2 49. Rxb6 h5 50. h4 Nf1+ 51. Kg1 Kd4 52. Nb5+ Kxe4 53. Kf2 Ne3 54.
Nd6+ Kd3 55. Kg3 Rf1 56. Rb5 Rf6 57. Nc4 Nf1+ 58. Kh3 Kc3 59. Rxa5 Kxb3 60. Ne5
Rf4 61. Rd5 Kxa4 62. Rd1 Rf2 63. Nd3 Rf5 64. Re1 Kb3 65. Re5 Rf6 66. Re4 Kc2 67.
Rf4 Rxf4 68. Nxf4 Ne3 69. Kg3 Kc3 70. Kf3 Kd2 71. Nh3 Nf5 72. g3 Kd3 73. Ng5 Nh6
74. Kf4 Ke2 75. Ne4 Nf5 76. Ng5 Nd6 77. g4 hxg4 78. Kxg4 Ke3 79. Nxf7 Nxf7 80.
h5 Ke4 1/2-1/2

[Event "ch-CHN w 2017"]
[Site "Xinghua CHN"]
[Date "2017.04.23"]
[Round "1.5"]
[White "Zhang, Lanlin"]
[Black "Yuan, Ye"]
[Result "1-0"]
[WhiteElo "2080"]
[BlackElo "2306"]
[WhiteFideId "8608032"]
[BlackFideId "8608415"]
[EventDate "2017.04.23"]

1. e4 c5 2. Nf3 e6 3. d4 cxd4 4. Nxd4 Nc6 5. Nc3 Qc7 6. Be2 a6 7. O-O Nf6 8. Be3
Bb4 9. Nxc6 bxc6 10. Qd4 c5 11. Qc4 Bb7 12. Bf3 Qe5 13. Na4 Nxe4 14. Bxe4 Qxe4
15. Qxe4 Bxe4 16. c3 Ba5 17. Nxc5 Bd5 18. Rfd1 d6 19. Nd3 Ke7 20. b4 Bc7 21. Nb2
Rhb8 22. f3 a5 23. a3 Bb3 24. Rdc1 Kd7 25. Kf2 f5 26. f4 h6 27. Rg1 g5 28. g3 g4
29. Ke2 h5 30. Kd3 Bd5 31. c4 Be4+ 32. Kc3 h4 33. Na4 hxg3 34. hxg3 axb4+ 35.
axb4 Rh8 36. Ra2 Bc6 37. b5 Ba5+ 38. Kd4 Bf3 39. Bf2 Kc7 40. Rga1 Rhe8 41. Kd3
e5 42. b6+ Kb7 43. fxe5 Rxe5 44. Nc3 Kc6 45. Bd4 Be4+ 46. Nxe4 fxe4+ 47. Ke3 Rf5
48. Kxe4 Rf3 49. Rxa5 Re8+ 50. Be5 dxe5 51. Rb1 Rc3 52. c5 Rc4+ 53. Kf5 Rf8+ 54.
Kxe5 Re8+ 55. Kf6 Rf8+ 56. Kg7 Rb8 57. Ra7 Rxc5 58. Rc7+ Kd6 59. Rxc5 Kxc5 60.
b7 Kc6 61. Kg6 Kc7 62. Rb4 Rg8+ 63. Kh7 Re8 64. b8=Q+ Rxb8 65. Rxb8 Kxb8 66. Kh6
Kc7 67. Kg5 Kd6 68. Kxg4 Ke6 69. Kh5 Kf7 70. Kh6 1-0

[Event "ch-CHN w 2017"]
[Site "Xinghua CHN"]
[Date "2017.04.24"]
[Round "2.1"]
[White "Zhu, Jiner"]
[Black "Gu, Tianlu"]
[Result "1-0"]
[BlackTitle "WIM"]
[WhiteElo "2154"]
[BlackElo "2212"]
[WhiteFideId "8608059"]
[BlackFideId "8603995"]
[EventDate "2017.04.23"]

1. e4 e5 2. Nf3 Nc6 3. Bb5 a6 4. Ba4 Nf6 5. O-O Bc5 6. c3 b5 7. Bb3 d6 8. a4 Bg4
9. d3 h6 10. Nbd2 O-O 11. h3 Bd7 12. Re1 Re8 13. Nf1 Bb6 14. Ng3 Na5 15. Bc2 c5
16. Nh4 d5 17. Qf3 Nxe4 18. dxe4 Qxh4 19. exd5 c4 20. axb5 axb5 21. Bf5 Bxf5 22.
Nxf5 e4 23. Nxh4 exf3 24. Be3 Bxe3 25. Rxe3 Nb3 26. Rxa8 Rxa8 27. Nxf3 Rd8 28.
Re5 f6 29. Rf5 Rd6 30. h4 g6 31. Rf4 Kg7 32. Nd4 Nc1 33. Re4 Rxd5 34. Re7+ Kg8
35. Rb7 Nd3 36. Nc6 Rc5 37. Ne7+ Kf7 38. Nf5+ Ke6 39. Nd4+ Kd6 40. Rb6+ Ke7 41.
Nxb5 g5 42. Rb7+ Kf8 43. h5 Re5 44. Nd6 Re1+ 45. Kh2 Nxf2 46. Rb8+ Kg7 47. Nf5+
Kh7 48. Rb7+ Kh8 49. Nxh6 Nd3 50. Ng4 Re6 51. Rf7 Kg8 52. Rxf6 Rxf6 53. Nxf6+
Kg7 54. Ne4 Nxb2 55. g4 Kh6 56. Kg3 Nd3 57. Nd6 Ne5 58. Nf5+ Kh7 59. Ne3 Nd3 60.
Nxc4 Nf4 61. Kf3 Nd5 62. Nd6 Nxc3 63. Nf7 Nd5 64. Nxg5+ Kh6 65. Nf7+ Kg7 66. Nd6
Kh6 67. Kg3 Nf6 68. Kh4 Nd7 69. g5+ Kg7 70. Nf5+ Kg8 71. g6 Nf6 72. h6 Ne8 73.
Kg5 Kh8 74. Ne7 1-0

[Event "ch-CHN w 2017"]
[Site "Xinghua CHN"]
[Date "2017.04.24"]
[Round "2.2"]
[White "Yuan, Ye"]
[Black "Guo, Qi"]
[Result "1/2-1/2"]
[BlackTitle "IM"]
[WhiteElo "2306"]
[BlackElo "2413"]
[WhiteFideId "8608415"]
[BlackFideId "8604002"]
[EventDate "2017.04.23"]

1. d4 d5 2. c4 e6 3. Nc3 Be7 4. Nf3 Nf6 5. Bf4 O-O 6. e3 c5 7. dxc5 Bxc5 8. Qc2
Nc6 9. Rd1 Qa5 10. a3 Be7 11. Be2 dxc4 12. Bxc4 Nh5 13. Bd6 Bxd6 14. Rxd6 Rd8
15. Rxd8+ Qxd8 16. O-O Bd7 17. Rd1 h6 18. Qd3 Be8 19. Qxd8 Rxd8 20. Rxd8 Nxd8
21. Bb5 Kf8 22. Kf1 Nf6 23. Bxe8 Nxe8 24. Ke2 Nd6 25. Kd3 Nc6 26. Ne4 Nxe4 27.
Kxe4 Ke7 28. Kd3 Kd6 29. h3 Kc5 30. Nd2 Ne5+ 31. Kc3 Kd5 32. e4+ Kd6 33. Kd4
Nc6+ 34. Kd3 Ne5+ 35. Kd4 g5 36. g3 f6 37. f4 gxf4 38. gxf4 Ng6 39. e5+ fxe5+
40. fxe5+ Kc6 41. Ke4 Nh4 42. Nb3 Nf5 43. Nc1 Ng3+ 44. Kf3 Nf5 45. Ke4 Ng3+ 46.
Kf3 Nf5 47. Ke4 Kb5 48. b3 Ng3+ 49. Kf3 Nf5 50. Ke4 Ng3+ 51. Kf3 Nf5 52. Ke4
Ng3+ 1/2-1/2

[Event "ch-CHN w 2017"]
[Site "Xinghua CHN"]
[Date "2017.04.24"]
[Round "2.4"]
[White "Zhai, Mo"]
[Black "Tan, Zhongyi"]
[Result "1/2-1/2"]
[WhiteTitle "WGM"]
[BlackTitle "WGM"]
[WhiteElo "2303"]
[BlackElo "2508"]
[WhiteFideId "8600201"]
[BlackFideId "8603642"]
[EventDate "2017.04.23"]

1. d4 d5 2. c4 e6 3. Nc3 Bb4 4. Nf3 dxc4 5. Bd2 c6 6. a4 a5 7. e3 b5 8. axb5
Bxc3 9. Bxc3 cxb5 10. b3 Bb7 11. bxc4 b4 12. Bb2 Nf6 13. Bd3 Nbd7 14. O-O O-O
15. Re1 Be4 16. Bxe4 Nxe4 17. Qc2 f5 18. Red1 Qc7 19. Ne1 Rfb8 20. c5 Qc6 21.
Qa4 Qxa4 22. Rxa4 Ndf6 23. f3 Nc3 24. Bxc3 bxc3 25. Ra3 Nd5 26. e4 fxe4 27. fxe4
Nf4 28. Kf1 Rf8 29. Nf3 g5 30. g4 h5 31. Ke1 Ng2+ 32. Ke2 Nf4+ 33. Ke1 Ng2+ 34.
Ke2 Nf4+ 1/2-1/2

[Event "ch-CHN w 2017"]
[Site "Xinghua CHN"]
[Date "2017.04.24"]
[Round "2.6"]
[White "Zhu, Ying"]
[Black "Ren, Xiaoyi"]
[Result "0-1"]
[WhiteElo "2107"]
[BlackElo "2262"]
[WhiteFideId "8604770"]
[BlackFideId "8608709"]
[EventDate "2017.04.23"]

1. e4 e5 2. Nf3 Nf6 3. Nxe5 d6 4. Nf3 Nxe4 5. Nc3 Nxc3 6. dxc3 Be6 7. Be3 Nc6 8.
Qd2 Qd7 9. O-O-O Be7 10. Kb1 Bf6 11. h4 a6 12. Nd4 Bxd4 13. Bxd4 f6 14. f3 O-O-O
15. c4 Nxd4 16. Qxd4 Kb8 17. Bd3 Bf5 18. Rhe1 Rhe8 19. b3 Re5 20. f4 Ree8 21.
Bxf5 Qxf5 22. g3 Qg6 23. Qc3 f5 24. c5 Re4 25. Rd5 Qe6 26. Red1 g6 27. Qd2 Re3
28. Qb4 Re4 29. Qa5 Qf6 30. Qd2 Re6 31. Qb4 Re4 32. Qd2 Re6 33. Qd4 Qxd4 34.
R5xd4 Kc8 35. c4 Re3 36. R4d3 Rxd3 37. Rxd3 dxc5 38. Rxd8+ Kxd8 39. a4 c6 40.
Kc2 Kc7 41. Kc3 Kb6 42. Kb2 Ka5 43. Kc2 Kb4 44. Kb2 b5 45. axb5 cxb5 46. cxb5
axb5 47. Kc2 c4 0-1

[Event "ch-CHN w 2017"]
[Site "Xinghua CHN"]
[Date "2017.04.25"]
[Round "3.1"]
[White "Ren, Xiaoyi"]
[Black "Zhu, Jiner"]
[Result "1/2-1/2"]
[WhiteElo "2262"]
[BlackElo "2154"]
[WhiteFideId "8608709"]
[BlackFideId "8608059"]
[EventDate "2017.04.23"]

1. d4 Nf6 2. c4 g6 3. g3 Bg7 4. Bg2 O-O 5. Nf3 d6 6. O-O Nc6 7. Nc3 Bf5 8. d5
Na5 9. Nd4 Bd7 10. Qd3 c5 11. Nc2 a6 12. Rb1 b5 13. b3 Rb8 14. Bd2 b4 15. Nd1
Nb7 16. e4 e5 17. dxe6 fxe6 18. Nde3 Qc7 19. Bc1 Nd8 20. Bb2 Nf7 21. f4 Bc6 22.
Rf2 Qb7 23. Bxf6 Bxf6 24. f5 Qe7 25. Ng4 Ne5 26. Nxe5 Bxe5 27. Rbf1 Bd7 28. Bh3
exf5 29. exf5 Kg7 30. Qe4 Rbe8 31. Qb7 Bxf5 32. Qxe7+ Rxe7 33. Bxf5 Rxf5 34.
Rxf5 gxf5 35. Rxf5 a5 36. Kg2 a4 37. Rf3 axb3 38. axb3 Ra7 39. Ne3 Ra2+ 40. Kh3
Rb2 41. Nf5+ Kg6 42. Ne7+ Kg7 43. Nf5+ Kg6 44. Ne7+ Kg7 1/2-1/2

[Event "ch-CHN w 2017"]
[Site "Xinghua CHN"]
[Date "2017.04.25"]
[Round "3.2"]
[White "Xiao, Yiyi"]
[Black "Zhu, Ying"]
[Result "1-0"]
[WhiteTitle "WFM"]
[WhiteElo "2290"]
[BlackElo "2107"]
[WhiteFideId "8606161"]
[BlackFideId "8604770"]
[EventDate "2017.04.23"]

1. d4 d5 2. c4 c6 3. Nc3 Nf6 4. e3 e6 5. Nf3 Nbd7 6. Bd3 Bd6 7. e4 dxe4 8. Nxe4
Nxe4 9. Bxe4 c5 10. O-O f5 11. Bc2 O-O 12. Qe2 Qf6 13. Bg5 Qg6 14. dxc5 Nxc5 15.
Rad1 Ne4 16. Rxd6 Nxd6 17. Be7 Nf7 18. Bxf8 Kxf8 19. Ne5 Nxe5 20. Qxe5 Qf6 21.
Qb5 a6 22. Qb3 e5 23. Rd1 Qe7 24. Qb6 Be6 25. Rd6 Bd7 26. Qxb7 Qxd6 27. Qxa8+
Kf7 28. Qf3 g6 29. Qc3 Qd4 30. Qxd4 exd4 31. b4 Ke6 32. f4 Kd6 33. Kf2 Bc6 34.
g3 Bb7 35. Ke2 Bg2 36. Bb3 Be4 37. h4 Kc6 38. Kd2 h6 39. Ba4+ Kd6 40. Be8 g5 41.
fxg5 hxg5 42. hxg5 Ke5 43. b5 a5 44. c5 Kd5 45. Bc6+ Kxc5 46. Bxe4 fxe4 47. g6 1-0

[Event "ch-CHN w 2017"]
[Site "Xinghua CHN"]
[Date "2017.04.25"]
[Round "3.3"]
[White "Tan, Zhongyi"]
[Black "Wang, Jue"]
[Result "1/2-1/2"]
[WhiteTitle "WGM"]
[BlackTitle "WGM"]
[WhiteElo "2508"]
[BlackElo "2335"]
[WhiteFideId "8603642"]
[BlackFideId "8604070"]
[EventDate "2017.04.23"]

1. Nf3 Nf6 2. g3 g6 3. Bg2 Bg7 4. c4 c6 5. O-O O-O 6. d4 d5 7. Qb3 Qb6 8. Nc3
Rd8 9. c5 Qxb3 10. axb3 Na6 11. h3 Nd7 12. Rd1 Re8 13. e3 e5 14. Bf1 Nb4 15. Ra5
exd4 16. exd4 Nf8 17. Bf4 Bf5 18. Rd2 Ne6 19. Ra4 a5 20. Be3 h5 21. Nh4 Bc2 22.
Ra3 g5 23. Nf3 g4 24. hxg4 hxg4 25. Nh2 f5 26. Na2 Be4 27. Nc3 Red8 28. Be2 Kf7
29. f3 gxf3 30. Nxf3 Nc2 31. Nxe4 dxe4 32. Rxc2 exf3 33. Bc4 Bxd4 34. Bxd4 Rxd4
35. b4 Kf6 36. Bxe6 Kxe6 37. bxa5 Rg8 38. Rxf3 f4 39. Rcc3 fxg3 40. Rcd3 Rc4 41.
Rfe3+ Kf5 42. Rf3+ Ke6 43. Rfe3+ Kf5 44. Rf3+ Ke6 1/2-1/2

[Event "ch-CHN w 2017"]
[Site "Xinghua CHN"]
[Date "2017.04.25"]
[Round "3.4"]
[White "Zhang, Lanlin"]
[Black "Zhai, Mo"]
[Result "0-1"]
[BlackTitle "WGM"]
[WhiteElo "2080"]
[BlackElo "2303"]
[WhiteFideId "8608032"]
[BlackFideId "8600201"]
[EventDate "2017.04.23"]

1. e4 e5 2. Nf3 Nc6 3. Bb5 a6 4. Ba4 Nf6 5. O-O Be7 6. Re1 b5 7. Bb3 d6 8. c3
O-O 9. h3 Bb7 10. d4 Re8 11. Bg5 Nxe4 12. Bxe7 Nxe7 13. Bc2 Nf6 14. dxe5 Bxf3
15. Qxf3 Ng6 16. Bxg6 hxg6 17. Na3 dxe5 18. Rad1 Qe7 19. Qc6 Qe6 20. Qxc7 Qxa2
21. Rd2 e4 22. Qc5 Rac8 23. Qd4 Kh7 24. Rde2 Qb3 25. Nb1 Rcd8 26. Qe3 Rd3 27.
Qc1 Qd5 28. Nd2 Qg5 29. Qc2 Rxh3 30. Nxe4 Nxe4 31. Rxe4 Rxe4 32. Qxe4 Rh4 33.
Qb7 Qd2 34. Qe7 Rf4 35. Qe3 Qxe3 36. Rxe3 g5 37. g3 Rf5 38. Kg2 Kg6 39. g4 Rd5
40. b4 Kf6 41. Re8 Rd6 42. Rc8 Ke5 43. Rc5+ Rd5 44. Rc6 Kf4 45. Rxa6 Kxg4 46.
Ra7 Rf5 47. Rc7 g6 48. c4 bxc4 49. Rxc4+ Rf4 50. Rc7 f6 51. b5 Rb4 52. Rb7 f5
53. b6 Kf4 54. Rb8 Rb1 55. Rb7 g4 56. Rb8 g3 57. fxg3+ Kg4 58. Kf2 Rb2+ 59. Ke3
Kxg3 60. Kd4 f4 61. Kc5 g5 62. Rf8 f3 63. Kc6 g4 64. b7 f2 65. Kd5 0-1

[Event "ch-CHN w 2017"]
[Site "Xinghua CHN"]
[Date "2017.04.26"]
[Round "4.1"]
[White "Zhu, Jiner"]
[Black "Yuan, Ye"]
[Result "0-1"]
[WhiteElo "2154"]
[BlackElo "2306"]
[WhiteFideId "8608059"]
[BlackFideId "8608415"]
[EventDate "2017.04.23"]

1. e4 c5 2. Nf3 e6 3. d4 cxd4 4. Nxd4 Nc6 5. Nc3 Qc7 6. Be3 a6 7. Bd3 Nf6 8. O-O
Nxd4 9. Bxd4 Bc5 10. Bxc5 Qxc5 11. Qe1 d6 12. Na4 Qc7 13. Qb4 O-O 14. Nb6 Rb8
15. a4 Bd7 16. a5 Bc6 17. Qd4 Ng4 18. Be2 Nf6 19. Bd3 Ng4 20. f3 Ne5 21. Be2 f5
22. exf5 Rxf5 23. f4 Ng6 24. Bd3 Rf6 25. f5 exf5 26. Rxf5 Rxf5 27. Bxf5 Qe7 28.
Nd5 Qg5 29. Bxg6 hxg6 30. Nf4 Rf8 31. g3 Qf5 32. Qxd6 Re8 33. Qd2 g5 34. Ng2
Qc5+ 35. Qf2 Qd5 36. h3 Rf8 37. Qe2 Qc5+ 38. Ne3 Qe5 39. Qc4+ Kh8 40. Nf1 Qf5
41. Qe2 Qc5+ 42. Ne3 Rf3 43. Re1 Rxg3+ 44. Kh2 Qe5 0-1

[Event "ch-CHN w 2017"]
[Site "Xinghua CHN"]
[Date "2017.04.26"]
[Round "4.2"]
[White "Lei, Tingjie"]
[Black "Gu, Tianlu"]
[Result "1-0"]
[WhiteTitle "GM"]
[BlackTitle "WIM"]
[WhiteElo "2471"]
[BlackElo "2212"]
[WhiteFideId "8605114"]
[BlackFideId "8603995"]
[EventDate "2017.04.23"]

1. e4 e5 2. Nf3 Nc6 3. Bb5 a6 4. Ba4 Nf6 5. O-O b5 6. Bb3 Bc5 7. a4 Bb7 8. c3 d6
9. d4 Bb6 10. Bg5 h6 11. Bxf6 Qxf6 12. Bd5 O-O 13. Qc2 exd4 14. Bxc6 d3 15. Qxd3
Bxc6 16. a5 Ba7 17. Nbd2 Rfe8 18. Rfe1 Rad8 19. Rad1 Bd7 20. Nf1 Be6 21. Ne3 c6
22. Nd4 Bxd4 23. cxd4 c5 24. Qc3 Qg5 25. Qd3 c4 26. Qc2 d5 27. e5 Bg4 28. Rc1
Bh5 29. Qd2 f6 30. f4 Qxf4 31. Nxc4 Qxd2 32. Nxd2 fxe5 33. dxe5 Rc8 34. Nb3 Rxc1
35. Nxc1 Rc8 36. Nd3 Bg6 37. Nb4 Be4 38. Kf2 Kf7 39. Nxa6 Rc6 40. Nb8 Rc8 41.
Nd7 Ke6 42. Nb6 Rc7 43. a6 Kxe5 44. Ra1 Ra7 45. Nc8 Ra8 46. a7 d4 47. Nb6 Rf8+
48. Ke1 Kd6 49. a8=Q Bxa8 50. Rxa8 Rf7 51. Nc8+ Kc5 52. Ra7 Rf8 53. Rc7+ Kb4 54.
Nd6 Rf6 55. Rd7 d3 56. Ne4 Re6 57. Rd4+ Kb3 58. Kd2 Kxb2 59. Kxd3 Ka3 60. Rd7 g5
61. Rd6 Re7 62. Rxh6 b4 63. Nc5 Re5 64. Kc4 Re2 65. Rh3+ Ka2 66. Rg3 b3 67. Nxb3 1-0

[Event "ch-CHN w 2017"]
[Site "Xinghua CHN"]
[Date "2017.04.26"]
[Round "4.3"]
[White "Zhai, Mo"]
[Black "Guo, Qi"]
[Result "1/2-1/2"]
[WhiteTitle "WGM"]
[BlackTitle "IM"]
[WhiteElo "2303"]
[BlackElo "2413"]
[WhiteFideId "8600201"]
[BlackFideId "8604002"]
[EventDate "2017.04.23"]

1. d4 d5 2. c4 e6 3. Nf3 Nf6 4. Nc3 Be7 5. Bf4 O-O 6. e3 Nbd7 7. c5 Nh5 8. Bd3
Nxf4 9. exf4 b6 10. b4 a5 11. a3 c6 12. O-O Qc7 13. g3 Ba6 14. Bxa6 Rxa6 15. Qe2
Raa8 16. Kg2 Bf6 17. Qd2 Ra7 18. h4 Rfa8 19. Rab1 axb4 20. axb4 Ra3 21. Rfc1
bxc5 22. bxc5 Rb8 23. Ne5 Bxe5 24. fxe5 h6 25. Rxb8+ Qxb8 26. Rb1 Qc8 27. Rb2
Qa6 28. Ra2 Qa5 29. Rxa3 Qxa3 30. Ne2 Nf8 31. Nf4 Ng6 32. Nxg6 fxg6 33. Qc2 Kf7
34. Qb1 Qa4 35. h5 gxh5 36. Qb7+ Kg6 37. Qe7 Qxd4 38. Qxe6+ Kh7 39. Qf5+ Kg8 40.
Qc8+ Kh7 41. Qxc6 Qe4+ 42. Kg1 Qe1+ 43. Kg2 Qe4+ 44. Kg1 Qe1+ 45. Kg2 1/2-1/2

[Event "ch-CHN w 2017"]
[Site "Xinghua CHN"]
[Date "2017.04.26"]
[Round "4.4"]
[White "Wang, Jue"]
[Black "Zhang, Lanlin"]
[Result "1/2-1/2"]
[WhiteTitle "WGM"]
[WhiteElo "2335"]
[BlackElo "2080"]
[WhiteFideId "8604070"]
[BlackFideId "8608032"]
[EventDate "2017.04.23"]

1. e4 e5 2. Nf3 Nc6 3. Bb5 a6 4. Ba4 Nf6 5. O-O Be7 6. d3 b5 7. Bb3 d6 8. a4 Bb7
9. Re1 O-O 10. c3 Na5 11. Ba2 c5 12. Nbd2 Qc7 13. Nf1 c4 14. Ng3 cxd3 15. Qxd3
bxa4 16. Nf5 Nb3 17. Bxb3 axb3 18. Nd2 Rab8 19. Nc4 Rfd8 20. Na5 d5 21. Nxb7
Qxb7 22. Qg3 Bf8 23. exd5 Rxd5 24. Bg5 Nh5 25. Qf3 Nf4 26. Bxf4 exf4 27. Qxf4
Rbd8 28. Qe4 Qb6 29. Nd4 g6 30. Qe2 a5 31. h3 Bc5 32. Nf3 Qa7 33. Ra4 Qd7 34.
Re4 a4 35. Ne5 Qb7 36. Ng4 Qc6 37. Qf3 f5 38. Re8+ Rxe8 39. Rxe8+ Kg7 40. Ne5
Qxe8 41. Qxd5 Qe7 42. Nd3 Bd6 43. Qd4+ Kh6 44. Qxa4 Qe4 45. Qxe4 fxe4 46. Nc1
Ba3 47. Nxb3 Bxb2 48. c4 Kg5 49. Kf1 Kf4 50. Ke2 Ke5 51. Ke3 g5 52. Ke2 Bc3 53.
Ke3 Bb4 54. g3 Be7 55. Kd2 Bb4+ 56. Ke3 Be7 57. f3 exf3 58. Kxf3 h5 59. Ke3 g4
60. hxg4 hxg4 61. Nd2 Bc5+ 62. Kd3 Bf2 63. Ne4 Be1 64. Ke3 Ba5 65. Nd2 Bb6+ 66.
Kd3 Bf2 67. Nf1 Be1 68. Ke3 Ba5 69. Nh2 Bb6+ 70. Kd3 Kf5 71. Nf1 Bf2 72. Ke2 Bb6
73. Kd3 Bf2 74. Ne3+ Ke6 75. Nf1 Ke5 76. Ke2 Bxg3 77. Nxg3 Kd4 1/2-1/2

[Event "ch-CHN w 2017"]
[Site "Xinghua CHN"]
[Date "2017.04.26"]
[Round "4.5"]
[White "Zhu, Ying"]
[Black "Tan, Zhongyi"]
[Result "0-1"]
[BlackTitle "WGM"]
[WhiteElo "2107"]
[BlackElo "2508"]
[WhiteFideId "8604770"]
[BlackFideId "8603642"]
[EventDate "2017.04.23"]

1. d4 Nf6 2. Bf4 d5 3. e3 Bg4 4. Nf3 e6 5. Nbd2 Bd6 6. Bg3 O-O 7. Be2 c5 8. c3
Nc6 9. O-O Bxg3 10. hxg3 Qd6 11. Rc1 c4 12. e4 Qc7 13. e5 Nd7 14. Nh4 Bxe2 15.
Qxe2 b5 16. f4 f5 17. g4 Qd8 18. g3 Ne7 19. Ndf3 Qb6 20. gxf5 Nxf5 21. Nxf5 exf5
22. Kg2 h6 23. Rh1 Qe6 24. Qc2 Rab8 25. b4 Nb6 26. Rh5 Nc8 27. Nd2 Ne7 28. Rch1
a5 29. a3 Ra8 30. Qb2 axb4 31. axb4 Ra4 32. Ra1 Rfa8 33. Rhh1 Qa6 34. Rxa4 Qxa4
35. Kf3 Qa2 36. Rb1 Ra3 37. Qc1 Nc6 38. Rb2 Qa1 39. Qxa1 Rxa1 40. Rc2 Kf7 41.
Ke2 g5 42. fxg5 hxg5 43. Nf3 Kg6 44. Kf2 Ra3 45. Nd2 Ne7 46. Nf1 Ra1 47. Kg2 g4
48. Kg1 Kg5 49. Rh2 Ng6 50. Rh7 f4 51. Rf7 fxg3 52. Rg7 Kh6 53. Rf7 Nh4 54. e6
g2 55. e7 Re1 0-1

[Event "ch-CHN w 2017"]
[Site "Xinghua CHN"]
[Date "2017.04.26"]
[Round "4.6"]
[White "Ren, Xiaoyi"]
[Black "Xiao, Yiyi"]
[Result "1/2-1/2"]
[BlackTitle "WFM"]
[WhiteElo "2262"]
[BlackElo "2290"]
[WhiteFideId "8608709"]
[BlackFideId "8606161"]
[EventDate "2017.04.23"]

1. d4 Nf6 2. c4 e6 3. g3 d5 4. Bg2 Bb4+ 5. Bd2 Be7 6. Nf3 O-O 7. O-O c6 8. Qc2
Nbd7 9. Bf4 b6 10. Rd1 Bb7 11. Nc3 dxc4 12. Nd2 Nd5 13. Nxc4 Nxf4 14. gxf4 Qc7
15. e3 Rad8 16. Rac1 c5 17. d5 exd5 18. Nxd5 Bxd5 19. Rxd5 b5 20. Ne5 Nxe5 21.
Rxe5 Bd6 22. Rd5 Be7 23. Re5 Bd6 24. Rd5 Be7 25. Re5 1/2-1/2

[Event "ch-CHN w 2017"]
[Site "Xinghua CHN"]
[Date "2017.04.27"]
[Round "5.1"]
[White "Xiao, Yiyi"]
[Black "Zhu, Jiner"]
[Result "1/2-1/2"]
[WhiteTitle "WFM"]
[WhiteElo "2290"]
[BlackElo "2154"]
[WhiteFideId "8606161"]
[BlackFideId "8608059"]
[EventDate "2017.04.23"]

1. c4 f5 2. d4 Nf6 3. g3 e6 4. Bg2 c6 5. Nf3 d5 6. O-O Bd6 7. b3 Qe7 8. Bb2 b6
9. Qc1 Bb7 10. Ba3 Nbd7 11. Bxd6 Qxd6 12. Nbd2 O-O 13. Qb2 c5 14. Rfd1 Qe7 15.
Rac1 Ne4 16. dxc5 bxc5 17. e3 Rad8 18. Ne5 Ndf6 19. f3 Nxd2 20. Rxd2 dxc4 21.
Nxc4 Rxd2 22. Qxd2 Rd8 23. Qa5 Nd5 24. f4 Rc8 25. Rd1 Ba8 26. Ne5 Qc7 27. Qxc7
Rxc7 28. e4 fxe4 29. Bxe4 g6 30. Rc1 Nxf4 31. Rc4 Ne2+ 32. Kf2 Bxe4 33. Rxe4 Nc3
34. Rc4 Nxa2 35. Nd3 Nb4 36. Nxb4 Rf7+ 37. Ke3 cxb4 38. Rxb4 Kg7 39. Re4 Kf6 40.
Rf4+ Ke7 41. Ra4 Kd6 42. Kd4 e5+ 43. Ke4 Re7 44. Ra5 Kc6 45. h4 Rb7 46. Ra6+ Kb5
47. Ra4 Re7 48. g4 h6 49. Rc4 a5 50. Rc8 Rb7 51. Rc4 Re7 52. Rc8 Rb7 53. Kxe5
Kb4 54. Rc6 Kxb3 55. Rxg6 Rb5+ 56. Kf4 h5 57. gxh5 Rxh5 58. Kg4 Rb5 59. h5 a4
60. h6 Rb8 61. Ra6 a3 62. Kf5 a2 63. h7 Rh8 64. Kg6 Rxh7 65. Kxh7 Kb2 66. Rxa2+
Kxa2 1/2-1/2

[Event "ch-CHN w 2017"]
[Site "Xinghua CHN"]
[Date "2017.04.27"]
[Round "5.2"]
[White "Tan, Zhongyi"]
[Black "Ren, Xiaoyi"]
[Result "1-0"]
[WhiteTitle "WGM"]
[WhiteElo "2508"]
[BlackElo "2262"]
[WhiteFideId "8603642"]
[BlackFideId "8608709"]
[EventDate "2017.04.23"]

1. c4 c6 2. e4 d5 3. exd5 cxd5 4. d4 Nc6 5. Nc3 Nf6 6. Bg5 dxc4 7. Bxc4 e6 8.
Nf3 Be7 9. O-O O-O 10. a3 b6 11. Qd3 Nd7 12. Bf4 Bb7 13. Rad1 Qc8 14. Rfe1 Na5
15. Bb5 Nf6 16. Ne5 a6 17. Ba4 b5 18. Bc2 Nc4 19. Nxc4 Qxc4 20. Qh3 g6 21. Be5
Nd7 22. Qh6 Bf6 23. Be4 Nxe5 24. Bxb7 Bg7 25. Qh3 Rab8 26. Be4 Nd7 27. d5 exd5
28. Bxd5 Qc8 29. Re7 Nb6 30. Qf3 Nxd5 31. Nxd5 Qc2 32. b4 Rbe8 33. g3 Rxe7 34.
Nxe7+ Kh8 35. Rd7 Qc4 36. Nd5 f5 37. Ra7 Re8 38. Kg2 Bd4 39. Rc7 Qe2 40. Rc6
Qxf3+ 41. Kxf3 Ra8 42. Nf4 Bb2 43. Nd3 Bd4 44. Rd6 Bc3 45. Kf4 Kg7 46. Rd7+ Kf6
47. Rxh7 Rd8 48. Nc5 Rd2 49. Ke3 Ra2 50. Ra7 Rxa3 51. Rxa6+ Rxa6 52. Nxa6 g5 53.
f4 g4 54. Nc7 Kf7 55. Nd5 Bg7 56. Kd3 Bf8 57. Kd4 Bd6 58. Ne3 Ke6 59. Nc2 Be7
60. Kd3 Bd6 61. Nd4+ Kd5 62. Nxb5 Bxb4 63. Nd4 Be1 64. Nxf5 Ke6 65. Ne3 Bf2 66.
Nxg4 Bg1 67. Ke4 Kf7 68. f5 1-0

[Event "ch-CHN w 2017"]
[Site "Xinghua CHN"]
[Date "2017.04.27"]
[Round "5.3"]
[White "Zhang, Lanlin"]
[Black "Zhu, Ying"]
[Result "1/2-1/2"]
[WhiteElo "2080"]
[BlackElo "2107"]
[WhiteFideId "8608032"]
[BlackFideId "8604770"]
[EventDate "2017.04.23"]

1. e4 e6 2. d4 d5 3. exd5 exd5 4. Nf3 Bd6 5. Bd3 Nc6 6. c3 Nge7 7. O-O O-O 8.
Qc2 h6 9. h3 Be6 10. Nh4 Qd7 11. f4 f5 12. Nd2 g5 13. fxg5 hxg5 14. Nhf3 g4 15.
Ng5 gxh3 16. Ndf3 f4 17. Nxe6 Qxe6 18. gxh3 Qxh3 19. Rf2 Rf7 20. Ng5 Rg7 21. Rg2
Qh6 22. Nf3 Rxg2+ 23. Qxg2+ Kf7 24. Ng5+ Kf6 25. Nh7+ Kf7 26. Ng5+ Kf6 27. Nh7+
Kf7 28. Ng5+ 1/2-1/2